Art romànic : guia / per Joan Ainaud de Lasarte guia / per Joan Ainaud de Lasarte
Descripción Física:
279 p. : il., negre i col. ; 21 cm
MARC
| LEADER | 00000nam a2200000Ia 4500 | ||
|---|---|---|---|
| 001 | 1754 | ||
| 008 | 160829s1973 xx 000 0 cat d | ||
| 080 | |a B-1-155 | ||
| 100 | |a Ainaud de Lasarte, Josep M. |9 26980 | ||
| 245 | |a Art romànic : |b guia / per Joan Ainaud de Lasarte | ||
| 260 | |a Barcelona : |b Ajuntament de Barcelona. Museu d'Art de Catalunya, |c 1973 | ||
| 300 | |a 279 p. : |b il., negre i col. ; |c 21 cm | ||
| 610 | 2 | 0 | |a Museu d'Art de Catalunya |9 53113 |
| 650 | |a Museu d'Art Romànic de Barcelona |x Guies |9 23609 | ||
| 901 | |a Arxiu | ||
| 942 | |n 1 | ||
| 952 | |0 0 |1 0 |4 0 |6 B1155 |7 1 |9 42774 |a Arxiu |b Arxiu |d 2016-12-01 |l 0 |o B-1-155 |p 1754 |r 2016-12-01 00:00:00 |w 2016-12-01 |y ARXIU | ||
| 999 | |c 45280 |d 45280 | ||